Anuario 2023 (Registro nro. 58538)
[ vista simple ]
| 000 -LEADER | |
|---|---|
| campo de control de longitud fija | 00262nam a22000977a 4500 |
| 020 ## - NÚMERO INTERNACIONAL ESTÁNDAR DEL LIBRO | |
| Número Internacional Estándar del Libro | 23117303 |
| 110 1# - ENTRADA PRINCIPAL--NOMBRE DE ENTIDAD CORPORATIVA | |
| Nombre de entidad corporativa o nombre de jurisdicción como elemento de entrada | Tribunal Constitucional de la República Dominicana |
| -- | 87774 |
| 245 0# - MENCIÓN DEL TÍTULO | |
| Título | Anuario 2023 |
| 264 ## - PRODUCCIÓN, PUBLICACIÓN, DISTRIBUCIÓN, FABRICACIÓN Y COPYRIGHT | |
| Producción, publicación | Santo Domingo : |
| Nombre del de productor, editor, distribuidor, fabricante | Búho, |
| Fecha de producción, publicación, distribución, fabricación o copyright | 2024. |
| 300 ## - DESCRIPCIÓN - FÍSICA | |
| Extensión Pestaña: | 862 páginas : |
| 999 ## - | |
| -- | 58538 |
| -- | 58538 |
| Estatus retirado | Estado de pérdida | Fuente del sistema de clasificación o colocación | Estado de daño | Restricciones de uso | No para préstamo | Biblioteca de origen | Biblioteca actual | Fecha de adquisición | Fuente de adquisición | Total de préstamos | Código de barras | Visto por última vez | Tipo de ítem Koha | Nota pública | Copia número |
|---|---|---|---|---|---|---|---|---|---|---|---|---|---|---|---|
| Dewey Decimal Classification | Excluido de préstamo | Biblioteca Nacional Pedro Henríquez Ureña | Biblioteca Nacional Pedro Henríquez Ureña | 05.02.2025 | Depósito Legal | 2025-2308 | 01.04.2025 | Libro | En proceso de descripción | ||||||
| Dewey Decimal Classification | Excluido de préstamo | Biblioteca Nacional Pedro Henríquez Ureña | Biblioteca Nacional Pedro Henríquez Ureña | 05.02.2025 | Depósito Legal | 2025-2309 | 01.04.2025 | Libro | En proceso de descripción | e.2 |
